Responses for Show #567 - Tuesday, February 10, 1987

Contestants

[<< previous game]

Michael Cowell, a superior court commissioner originally from Calcutta, India

Dorothy Regner, a costumer from Honolulu, Hawaii

Jake Harle, a law student from La Palma, California (whose 1-day cash winnings total $7,601)

[next game >>]

Jeopardy! Round responses

ASTROLOGY
PEOPLE
TOYS & GAMES
GLADIATORS
MEDICINE
TAKE A GUESS
    $100 4
a horoscope

Jake
    $100 5
Princess Diana

Michael
    $100 1
He-Man

Jake
    $100 8
a net

Michael
    $100 10
snakes

Dorothy
    $100 18
Minnie Mouse

Dorothy
    $200 6
planets

Jake
    $200 7
Joan Crawford

Michael
    $200 2
croquet

Jake
    $200 9
a Roman emperor

Triple Stumper
    $200 16
(Michael: What is, uh, blood type?)
(Alex: Be more specific.)

the most common blood type

Michael
    $200 19
(Alex: And don't ask me where they got it.)

skim milk

Triple Stumper
    $300 11
Libra

Michael
    $300 25
Tommy Lasorda

Jake
    $300 3
(Jake: What is Yahtzee?)
(Dorothy: What is Shogi?)
(Michael: I'll try [*]?)
(Alex: And remember to phrase it properly.)

Sorry!

JakeDorothyMichael
    $300 14
handkerchiefs

Triple Stumper
    $300 17
a laser

Jake
    $300 20
Broderick Crawford

Dorothy
    $500 12
(Michael: I'll take a chance at guessing, "What is Leo?")
...
(Alex: "Jesus Was A [*]", December 25th.)
[The song was not reprised going into the break.]

Capricorn

Michael
    $400 28
[The end-of-round signal sounds.]

Salvador DalĂ­

Dorothy
    $400 26
(Dorothy: What is 7,000?)

6000

JakeDorothy
    $400 15
sight

Jake
    $400 23
(Alex: We've got less than a minute to go.)

a pathologist

Michael
    $400 21
the Comanche Moon

Triple Stumper
    $500 13
the ascendant sign (the rising sign)

Michael
    $500 27
(Michael: What are music videos?)
(Jake: What are motion pictures?)
(Alex: Michael you can't ring in again.)
[Laughter]
(Alex: We only give you one opportunity.)

commercials

JakeMichael
Triple Stumper
    $500 24
(Michael: What is diabetes?)

hypoglycemia

DorothyMichael
    $500 22
"My Old Kentucky Home"

Dorothy

Scores at the first commercial break (after clue 12):

Jake Dorothy Michael
$300 -$200 $500

Scores at the end of the Jeopardy! Round:

Jake Dorothy Michael
$1,200 $1,200 $600

Double Jeopardy! Round responses

MAMMALS
AUTOMOBILES
PATRON SAINTS
THE SENSES
"SAND"
ROCKIN' ROLES
    $200 4
by laying eggs

Dorothy
    $200 2
Dodge boys

Michael
    $200 1
St. Valentine

Jake
    $200 16
light

Jake
    $200 9
a sandbox

Michael
    $200 12
Conrad Birdie

Jake
    $400 5
a giraffe

Dorothy
    $400 22
Volkswagen Bugs

Dorothy
    $400 3
dentistry

Michael
    $400 17
[Michael said both responses.]

heat or temperature

Michael
    $400 10
sandpaper

Dorothy
    $400 13
Elvis Presley

Jake
    $600 6
(Michael: What is a rodent?)

rabbits

Michael
Triple Stumper
    $600 24
(Michael: What is red?)
(Dorothy: What is black?)
...
(Alex: We've got less than a minute to go.)

white

DorothyMichael
Triple Stumper
    $600 27
[The end-of-round signal sounds.]

accountants (tax collectors)

Michael
    $1,200 18
(Michael: What is feeling?)
[Alex looks to judges.]
(Michael: What is [*]?)

touch

Michael
    $600 11
[Jake stressed the "sand" part of his response, drawing laughter]

a thousand

Jake
    $600 14
Spinal Tap

Triple Stumper
    $800 7
(Alex: Now is the time for [*], yes.)

rodents

Dorothy
    $600 26
(Jake: What is a fuel pump?)

the carburetor

Jake
    $800 21
hydrogen

Jake
    $800 19
sand dollars

Dorothy
    $800 15
Alan Freed

Triple Stumper
    $1000 8
the harp seal

Triple Stumper
    $1000 23
the olfactory nerve

Jake
    $1000 20
Sandhurst

Michael
    $1000 25
Performance

Triple Stumper

Scores at the end of the Double Jeopardy! Round:

Jake Dorothy Michael
$4,000 $3,600 $3,400

[wagering suggestions for these scores]

Final Jeopardy! Round responses

WORD ORIGINS
MichaelWhat is the HMS Victory
$3,398
DorothyWhat is the H.M.S. Middy
$3,600
JakeWhat are pea jackets
$3,201
the HMS Blazer

Final scores:

Jake Dorothy Michael
$799 $0 $2
2-day champion: $8,400 3rd place: Marcy Fitness Products exercise bike 2nd place: Tappan electric range with microwave & 7 Krups kitchen products

Game dynamics:

Coryat scores:

Jake Dorothy Michael
$4,600 $3,600 $3,300
15 R,
3 W
(including 1 DD)
12 R,
3 W
15 R
(including 1 DD),
5 W
(including 1 DD)

Combined Coryat: $11,500

[game clues] [game scores] [suggest correction]

Game tape date: 1986-11-11
The J! Archive is created by fans, for fans. Scraping, republication, monetization, and malicious use prohibited; this site may use cookies and collect identifying information. See terms. The Jeopardy! game show and all elements thereof, including but not limited to copyright and trademark thereto, are the property of Jeopardy Productions, Inc. and are protected under law. This website is not affiliated with, sponsored by, or operated by Jeopardy Productions, Inc. Join the discussion at JBoard.tv.